[Event "Baden-Baden"]
[Site "Baden-Baden"]
[Date "1981.??.??"]
[Round "?"]
[White "Stajcic, Nikola"]
[Black "Kortschnoj, Viktor"]
[Result "0-1"]
[WhiteElo "2215"]
[BlackElo "2695"]

1.d4 Nf6 2.c4 e6 3.Nf3 Bb4+ 4.Nbd2 b6 5.g3 Bb7 6.Bg2 O-O 7.O-O Be7 8.Qc2 d5
9.b3 dxc4 10.Nxc4 Be4 11.Qd2 Qd5 12.Bb2 Nbd7 13.Rfd1 Rac8 14.Qe1 Qa8 15.Rac1 a5
16.a3 Rfd8 17.Qf1 b5 18.Ncd2 Bd5 19.e3 Qb7 20.Qe2 c5 21.Bf1 c4 22.Re1 cxb3
23.e4 Rxc1 24.Bxc1 Bc4 25.Nxc4 bxc4 26.Bb2 Rc8 27.Qe3 Nb6 28.Nd2 Na4 29.Nxc4 Nxb2
30.Nxb2 Bxa3 31.Nc4 Qb4 32.Rb1 a4 33.Qd3 g6 34.Ra1 Nxe4 35.Nxa3 b2 36.Rb1 Nc3
37.Nc4 Nxb1 38.Qxb1 a3  0-1

[Event "Budva zt"]
[Site "Budva"]
[Date "1981.??.??"]
[Round "14"]
[White "Rukavina, Josip"]
[Black "Afifi, Assem"]
[Result "1/2-1/2"]
[WhiteElo "2460"]
[BlackElo "2220"]

1.Nf3 Nf6 2.c4 e6 3.d4 Bb4+ 4.Nbd2 b6 5.e3 Bb7 6.Bd3 Ne4 7.O-O f5 8.a3 Bd6
9.Ne1 Qh4 10.f4 O-O 11.Nef3 Qh5 12.b4 Be7 13.c5 Nxd2 14.Bxd2 Bd5 15.Rc1 d6
16.cxb6 axb6 17.Rxc7 Bd8 18.Rc3 h6 19.Qe2 Nd7 20.Bc1 Nf6 21.Nd2 Qf7 22.Bb2 Qb7
23.Bb5 Rf7 24.Rfc1 Rc7 25.Rxc7 Bxc7 26.Bc4 Kf7 27.Bxd5 Nxd5 28.Qb5 Ke7 29.Qe2 b5
30.Nb1 Ra6 31.Nc3 Nxc3 32.Rxc3 Rc6 33.Rxc6 Qxc6 34.d5 Qxd5 35.Bxg7 Bb6 36.Bxh6 Qb3
37.Kf2 Qxa3 38.Qd2 Qa1 39.Bf8+ Kxf8 40.Qxd6+ Kf7 41.Qxb6 Qb2+ 42.Kf3 Qxb4
43.Qd4 Qb1 44.Ke2 b4 45.Qd3 Qa2+ 46.Kf3  1/2-1/2

[Event "Budva zt"]
[Site "Budva"]
[Date "1981.??.??"]
[Round "18"]
[White "Rukavina, Josip"]
[Black "Toth, Bela"]
[Result "1/2-1/2"]
[WhiteElo "2460"]
[BlackElo "2400"]

1.d4 Nf6 2.c4 e6 3.Nf3 Bb4+ 4.Nbd2 d5 5.e3 O-O 6.a3 Be7 7.b4 a5 8.b5 c5 9.Bb2 Nbd7
10.Bd3 cxd4 11.exd4 b6 12.O-O Bb7 13.Re1 Rc8 14.Rc1 Rc7 15.Ne5 Qa8 16.Nxd7 Nxd7
17.c5 bxc5 18.dxc5 Rxc5 19.Bxh7+ Kxh7 20.Qh5+ Kg8 21.Bxg7 Kxg7 22.Qg4+ Kh6
23.Rxc5 Bxc5 24.Qh4+  1/2-1/2

[Event "Lone Pine op"]
[Site "Lone Pine"]
[Date "1981.??.??"]
[Round "?"]
[White "Dahlberg, Ivars A"]
[Black "Kortschnoj, Viktor"]
[Result "0-1"]
[WhiteElo "2480"]
[BlackElo "2650"]

1.c4 Nf6 2.Nf3 e6 3.d4 Bb4+ 4.Nbd2 c5 5.a3 Bxd2+ 6.Qxd2 b6 7.e3 Bb7 8.Be2 Nc6
9.O-O O-O 10.b3 Ne4 11.Qc2 f5 12.Rd1 Ne7 13.dxc5 bxc5 14.Bb2 d6 15.Nd2 Ng6
16.Bd3 Nh4 17.Bxe4 fxe4 18.Nxe4 Nxg2 19.Qc3 Qe7 20.Nxd6 Bf3 21.Rd2 Nh4 22.Qe5  0-1

[Event "Lvov"]
[Site "Lvov"]
[Date "1981.??.??"]
[Round "7"]
[White "Petrosian, Arshak B"]
[Black "Mascarinas, Rico"]
[Result "1/2-1/2"]
[WhiteElo "2495"]
[BlackElo "2400"]

1.Nf3 Nf6 2.d4 e6 3.c4 Bb4+ 4.Nbd2 b6 5.e3 Bb7 6.Bd3 O-O 7.O-O d5 8.a3 Bxd2
9.Bxd2 dxc4 10.Bxc4 Nbd7 11.b4 Ne4 12.Rc1 Nxd2 13.Qxd2 a5 14.Be2 axb4 15.axb4 Ra7
16.Ra1 Rxa1 17.Rxa1 Qe7 18.Ra7 Rb8 19.b5 Qd6 20.h3 c5 21.dxc5 Qxd2 22.Nxd2 Nxc5
23.Nc4 Kf8 24.Nxb6 Bxg2 25.Nc4 Bd5 26.Ne5 Rb7 27.Ra8+ Ke7 28.Rc8  1/2-1/2

[Event "Moscow-ch"]
[Site "Moscow"]
[Date "1981.??.??"]
[Round "8"]
[White "Antoshin, Vladimir S"]
[Black "Jussupow, Artur"]
[Result "1/2-1/2"]
[WhiteElo "2470"]
[BlackElo "2575"]

1.d4 Nf6 2.c4 e6 3.Nf3 Bb4+ 4.Nbd2 d5 5.e3 O-O 6.a3 Bd6 7.Bd3 b6 8.e4 dxe4
9.Nxe4 Bb7 10.Qc2 Nbd7 11.O-O c5 12.Be3 Qc7  1/2-1/2

[Event "Ed.Lasker mem"]
[Site "New York"]
[Date "1981.??.??"]
[Round "7"]
[White "Burger, Karl"]
[Black "Henley, Ron W"]
[Result "0-1"]
[WhiteElo "2405"]
[BlackElo "2440"]

1.d4 Nf6 2.c4 e6 3.Nf3 Bb4+ 4.Nbd2 b6 5.e3 O-O 6.a3 Bxd2+ 7.Qxd2 Bb7 8.Be2 d6
9.O-O Qe7 10.b4 Nbd7 11.Bb2 Ne4 12.Qc2 c5 13.Rfd1 f5 14.Rab1 Ndf6 15.bxc5 bxc5
16.Ba1 Rab8 17.Qa4 Ba8 18.h3 Qc7 19.Qa6 Nd7 20.Rb5 Rxb5 21.cxb5 Bd5 22.Qa4 Rc8
23.dxc5 Ndxc5 24.Qb4 Nb3 25.Bd4 Nc1 26.Bf1 Qc2 27.Qe1 Bb3 28.Rxc1 Qxc1 29.Bxa7 Qxa3
30.b6 Bd5 31.Qb1 Bb7 32.Qb5 Qa2 33.Be2 h6 34.Qd7 Qxe2  0-1

[Event "Sarajevo"]
[Site "Sarajevo"]
[Date "1981.??.??"]
[Round "3"]
[White "Osmanovic, Kemal"]
[Black "Drasko, Milan"]
[Result "1/2-1/2"]
[WhiteElo "2395"]
[BlackElo "2240"]

1.d4 e6 2.c4 Nf6 3.Nf3 Bb4+ 4.Nbd2 b6 5.e3 O-O 6.Bd3 d5 7.O-O Ba6 8.b3 c5
9.Bb2 cxd4 10.exd4 Nc6 11.Ne5 Nxe5 12.dxe5 Nd7 13.Rc1 Nc5 14.Bb1 Bxd2 15.Qxd2 dxc4
16.Qe3 c3 17.Bxc3 Bxf1 18.Rxf1 a5 19.Bd2 Qh4 20.f4 Rad8 21.Be1 Qh5 22.Rf3 h6
23.Bc2 f5 24.exf6 Rxf6 25.Bc3 Rf7 26.Be5 Rfd7 27.h3 Rd2 28.Rg3 Rxc2 29.Rxg7+ Kf8
30.Qg3 Qd1+ 31.Kh2 Rxg2+ 32.Qxg2 Rd2 33.Rg8+  1/2-1/2

[Event "HUN-ch"]
[Site "Budapest"]
[Date "1982.??.??"]
[Round "?"]
[White "Szabolcsi, Janos"]
[Black "Lovass, Imre"]
[Result "1/2-1/2"]
[WhiteElo "2245"]
[BlackElo "2310"]

1.d4 Nf6 2.c4 e6 3.Nf3 Bb4+ 4.Nbd2 d5 5.cxd5 exd5 6.Qa4+ Nc6 7.Ne5 Bd6 8.Nxc6 bxc6
9.Qxc6+ Bd7 10.Qc2 O-O 11.e3 Re8 12.Be2 Ne4 13.Nxe4 Bf5 14.Qd1 Bxe4 15.Bf3 Rb8
16.Bxe4 dxe4 17.Qc2 Qg5 18.O-O Re6 19.f4 exf3 20.Rxf3 c5 21.Qf2 Qh5 22.h3 Rbe8
23.dxc5 Bxc5 24.Bd2 Qe5 25.Rxf7 Qxb2 26.Rf1 a6 27.Kh1 h6 28.Bc1 Qxf2 29.R1xf2  1/2-1/2

[Event "HUN-ch"]
[Site "Budapest"]
[Date "1982.??.??"]
[Round "?"]
[White "Gyorkos, Lajos"]
[Black "Doery, Jeno"]
[Result "1/2-1/2"]
[WhiteElo "2240"]
[BlackElo "2340"]

1.d4 Nf6 2.c4 e6 3.Nf3 Bb4+ 4.Nbd2 b6 5.a3 Bxd2+ 6.Qxd2 a5 7.e3 Bb7 8.Be2 O-O
9.O-O d6 10.Rd1 a4 11.Qc2 Nbd7 12.Nd2 e5 13.Nf1 Qe7 14.Ng3 g6 15.Bd2 Rfe8
16.Re1 h5 17.f3 e4 18.d5 h4 19.Nf1 Nc5 20.Bc3 b5 21.Rad1 bxc4 22.Bxc4 Ba6
23.Nd2 Bxc4 24.Nxc4 h3 25.Qf2 hxg2 26.Na5 Nh5 27.Nc6 Qg5 28.f4 Qg4 29.Qxg2 Qxg2+
30.Kxg2 f5 31.Nb4 Nb3 32.Re2 Kf7 33.Rc2 Rec8 34.Bd4 Nf6 35.Bxf6 Kxf6 36.h4 Nc5
37.Kg3 Rab8 38.Rh1 Rh8 39.Rch2 Rh5 40.Rc1 Rb5 41.Rc4 Rh8 42.Rhc2 Rhb8 43.R2c3 R8b7
44.Kh3  1/2-1/2

[Event "Politiken Cup"]
[Site "Copenhagen"]
[Date "1982.??.??"]
[Round "10"]
[White "Fedder, Steen"]
[Black "Taulbut, Shaun M"]
[Result "1-0"]
[WhiteElo "2420"]
[BlackElo "2435"]

1.d4 Nf6 2.c4 e6 3.Nf3 Bb4+ 4.Nbd2 c5 5.a3 Bxd2+ 6.Qxd2 b6 7.e3 O-O 8.Be2 Bb7
9.O-O Nc6 10.b4 Ne4 11.Qc2 f5 12.bxc5 bxc5 13.Rb1 Qc7 14.Rd1 d6 15.Bb2 Rad8
16.d5 exd5 17.cxd5 Ne7 18.Bxg7 Kxg7 19.Qb2+ Kf7 20.Qxb7 Qxb7 21.Rxb7 Nc3
22.Ng5+ Kg6 23.Rxe7 Nxd1 24.Ne6 Rfe8 25.Rxe8 Rxe8 26.Bxd1 Rb8 27.Kf1 Rb2
28.a4 Kf6 29.f4 Rd2 30.Be2 Ra2 31.Bd1 Rd2 32.Be2 Ra2 33.Bb5 h6 34.h3 h5 35.h4 Rb2
36.Nd8 Ra2 37.Nc6 c4 38.Ke1 c3 39.Kd1 a6 40.Bxa6 Rxa4 41.Bd3 Ra2 42.Bc2 Ra1+
43.Ke2 Rg1 44.Kf2 Ra1 45.Nd4 Ra5 46.Nxf5 Rxd5 47.Nd4 Ra5 48.Ke2 Ra1 49.Be4 Rh1
50.Kd3  1-0

[Event "Gausdal Int"]
[Site "Gausdal"]
[Date "1982.??.??"]
[Round "3"]
[White "Ljungqvist, Lennart"]
[Black "Hakki, Imad"]
[Result "1/2-1/2"]
[WhiteElo "2220"]
[BlackElo "2310"]

1.d4 Nf6 2.c4 e6 3.Nf3 Bb4+ 4.Nbd2 d5 5.e3 O-O 6.a3 Be7 7.Bd3 c5 8.dxc5 Bxc5
9.b4 Be7 10.Bb2 a5 11.c5 b6 12.cxb6 axb4 13.axb4 Rxa1 14.Qxa1 Bxb4 15.O-O Nbd7
16.Rb1 Bxd2 17.Nxd2 Nxb6 18.Bd4 Nbd7 19.Qc3 Ne8 20.h3 f6 21.f4 Qc7 22.Qb3 Kh8
23.Qa3 Qd6 24.Qa7 e5 25.fxe5 fxe5 26.Bb2 Rg8 27.Ba3 Qc7 28.Qxc7 Nxc7 29.Bf5 Nf6
30.Bxc8 Rxc8 31.Rc1 Nfe8 32.Nf3 Ra8 33.Bb2 e4 34.Nh4 Kg8 35.Nf5 Ra7 36.Bd4 Rb7  1/2-1/2

[Event "Gausdal Int"]
[Site "Gausdal"]
[Date "1982.??.??"]
[Round "5"]
[White "Carleson, Caspar"]
[Black "Guddahl, Viggo"]
[Result "1-0"]
[WhiteElo "2255"]
[BlackElo "2220"]

1.d4 Nf6 2.c4 e6 3.Nf3 Bb4+ 4.Nbd2 O-O 5.e3 c5 6.a3 Bxd2+ 7.Bxd2 cxd4 8.exd4 d5
9.Bg5 h6 10.Bh4 dxc4 11.Bxc4 a6 12.O-O b5 13.Ba2 Nbd7 14.Re1 Qb6 15.Qd3 Bb7
16.Rad1 Nd5 17.Bg3 Rfd8 18.Ne5 Nf8 19.Qe2 Ne7 20.Bh4 Re8 21.Bb1 Nf5 22.Qh5 g6
23.Qg4 h5 24.Qf4 Nh7 25.Rd3 Rf8 26.Ba2 Nxh4 27.Qxh4 Qd8 28.Qh3 Bd5 29.Bb1 Qg5
30.Rg3 Qd2 31.Rf1 Qxd4 32.Qxh5 Nf6 33.Qh6 Qxe5 34.Bxg6 Qxg3 35.fxg3  1-0

[Event "Gausdal Int"]
[Site "Gausdal"]
[Date "1982.??.??"]
[Round "7"]
[White "Carleson, Caspar"]
[Black "Ogaard, Leif"]
[Result "1/2-1/2"]
[WhiteElo "2255"]
[BlackElo "2510"]

1.d4 Nf6 2.c4 e6 3.Nf3 Bb4+ 4.Nbd2 b6 5.e3 Bb7 6.Bd3 O-O 7.O-O c5 8.a3 Bxd2
9.Bxd2 Ne4 10.Qc2 f5 11.Be1 Nf6 12.dxc5 bxc5 13.b4 Qc7 14.h3 e5 15.Be2 e4
16.Nh2 Nc6 17.Bc3 Ne5 18.Rad1 Rae8 19.Qd2 Re6 20.bxc5 Rf7 21.Qb2 Ba6 22.Qb4 Nc6
23.Qa4 Bc8 24.Rd5 Ne7 25.Rd6 Qxc5 26.Bb4 Qc7 27.c5 Ned5 28.Rd1 Rxd6 29.cxd6 Qb6
30.Bc4 Bb7 31.Qb3 Qc6 32.Bc3 Ba6 33.Bxd5 Nxd5 34.Qxd5 Qxc3 35.Rb1 g6 36.Qa8+ Rf8
37.Qxa7 Bd3 38.Rd1 Qc2 39.Re1 Qd2 40.Ra1 Rc8 41.Nf1 Rc1 42.Qxd7 Bxf1 43.Qe8+ Kg7
44.Rxc1 Qxc1 45.Kh2 Qd2 46.d7 Qxf2 47.Qe5+ Kf7 48.Qe8+ Kg7 49.Qe5+ Kf7 50.d8=N+ Kg8
51.Qe6+ Kg7 52.Qe7+ Kh6 53.Nf7+ Kg7 54.Ng5+ Kh6 55.Nf7+ Kg7 56.Ng5+ Kh6 57.Nf7+  1/2-1/2

[Event "Bundesliga 8182"]
[Site "Germany"]
[Date "1982.??.??"]
[Round "?"]
[White "Fahnenschmidt, Gerhard"]
[Black "Leitner, Maximilian"]
[Result "1/2-1/2"]
[WhiteElo "2355"]
[BlackElo "2250"]

1.d4 Nf6 2.c4 e6 3.Nf3 Bb4+ 4.Nbd2 d5 5.e3 O-O 6.a3 Be7 7.Bd3 b6 8.O-O Bb7
9.b3 Nbd7 10.Bb2 Ne4 11.Rc1 Rc8 12.Qe2 Bd6 13.cxd5 exd5 14.Ba6 Bxa6 15.Qxa6 Nxd2
16.Nxd2 Ra8 17.Nf3 Qe7 18.b4 Rfe8 19.Rc2 Qe4 20.Rfc1 Re6 21.Ne5 Nf8 22.Qe2 f6
23.Nf3 a6 24.h3 Ng6 25.Nd2 Qf4 26.Nf1 Qg5 27.Qg4 Qxg4 28.hxg4 Re4 29.f3 Re7
30.Bc3 c5 31.bxc5 bxc5 32.dxc5 Bxc5 33.Bxf6 Bxe3+ 34.Nxe3 Rxe3 35.Bb2 Re7  1/2-1/2

[Event "Luzern ol (Men)"]
[Site "Luzern"]
[Date "1982.??.??"]
[Round "2"]
[White "Defize, Alain"]
[Black "Rodriguez, Amador"]
[Result "1/2-1/2"]
[WhiteElo "2280"]
[BlackElo "2480"]

1.d4 Nf6 2.c4 e6 3.Nf3 Bb4+ 4.Nbd2 c5 5.e3 b6 6.Bd3 Bb7 7.O-O O-O 8.a3 Bxd2
9.Bxd2 d6 10.b4 Nbd7 11.Bc3 Qc7 12.Qc2 cxd4 13.Nxd4 Ne5 14.Bb2 Nxd3 15.Qxd3 Rfd8
16.Rac1 a6 17.Rfe1 Rac8 18.e4 Qe7 19.f3 Rd7 20.Nb3 e5 21.Qe3 Qd8 22.Red1 Bc6
23.Nd2 Ba4 24.Re1 Rb7 25.Nf1 Rc6 26.Ng3 Qc8 27.Nf5 Qe6 28.Qd3 g6 29.Ne3 b5
30.cxb5 Bxb5 31.Qd2 Rbc7 32.Rxc6 Rxc6 33.Nd5 Rc4 34.Nxf6+ Qxf6 35.Rc1  1/2-1/2

[Event "Luzern ol (Men)"]
[Site "Luzern"]
[Date "1982.??.??"]
[Round "4"]
[White "Tarjan, James Edward"]
[Black "Hecht, Hans Joachim"]
[Result "1/2-1/2"]
[WhiteElo "2520"]
[BlackElo "2455"]

1.d4 Nf6 2.c4 e6 3.Nf3 Bb4+ 4.Nbd2 b6 5.e3 Bb7 6.Bd3 c5 7.O-O cxd4 8.exd4 O-O
9.a3 Be7 10.Re1 d6 11.Nb1 d5 12.cxd5 Nxd5 13.Nc3 Nxc3 14.bxc3 Nc6 15.Qc2 g6
16.Bh6 Re8 17.Re3 Bf6 18.h4 Ne7 19.Rae1 Rc8 20.h5 Bxf3 21.Rxf3 Nf5 22.Bxf5 gxf5
23.Qd2 Kh8 24.Rg3 Rg8 25.Ree3 Qd5 26.Ref3 Qe4 27.Bg5 Bxg5 28.Rxg5 Qxf3 29.gxf3  1/2-1/2

[Event "Luzern ol (Men)"]
[Site "Luzern"]
[Date "1982.??.??"]
[Round "4"]
[White "Li Zunian"]
[Black "Hernandez, Roman"]
[Result "1-0"]
[WhiteElo "2410"]
[BlackElo "2435"]

1.d4 Nf6 2.c4 e6 3.Nf3 Bb4+ 4.Nbd2 d5 5.e3 O-O 6.Bd3 b6 7.a3 Be7 8.O-O Bb7
9.cxd5 exd5 10.b4 c6 11.Nb3 Nbd7 12.Bb2 Re8 13.Rc1 Bd6 14.Qe2 a6 15.Nh4 Ne4
16.Nf5 Bf8 17.f3 Nd6 18.Nxd6 Bxd6 19.e4 Bf4 20.Rc2 Qg5 21.Bc1 f5 22.Bxf4 Qxf4
23.e5 g6 24.a4 h5 25.g3 Qh6 26.f4 Nf8 27.a5 b5 28.Nc5 Bc8 29.Qf3 Ra7 30.h3 Rg7
31.Rg2 Ree7 32.Be2 Ref7 33.Qe3 Ne6 34.Nxe6 Bxe6 35.Qc3 Bd7 36.e6 Bxe6 37.Qxc6 g5
38.Bf3 Qf6 39.fxg5 Rxg5 40.h4 Rgg7 41.Bxh5 Qxd4+ 42.Kh2 Rf6 43.Rf4 Qe3 44.Qxa6 Kh7
45.Qd6 Rh6 46.Bf3 Rhg6 47.Qb6 Qe1 48.Qg1 Qe5 49.Qd4 Qe1 50.Rg1  1-0

[Event "Luzern ol (Men)"]
[Site "Luzern"]
[Date "1982.??.??"]
[Round "13"]
[White "Afifi, Assem"]
[Black "Morovic Fernandez, Ivan"]
[Result "0-1"]
[WhiteElo "2370"]
[BlackElo "2450"]

1.d4 Nf6 2.c4 e6 3.Nf3 Bb4+ 4.Nbd2 d5 5.e3 O-O 6.a3 Be7 7.Qc2 a5 8.Bd3 c5
9.dxc5 Nbd7 10.e4 dxe4 11.Nxe4 Nxe4 12.c6 Nef6 13.cxd7 Bxd7 14.Ne5 g6 15.Bh6 Re8
16.O-O Bd6 17.Qc3 Bf8 18.Bxf8 Rxf8 19.Rfe1 Qe7 20.Qd2 Rfd8 21.Qh6 Be8 22.Re3 Rd4
23.Rh3 Rad8 24.Re1 Qf8 25.Qg5 Qg7 26.b4 Nh5 27.Qe3 f6 28.Ng4 Nf4 29.Rf3 e5
30.Bf1 h5 31.Nxe5 fxe5 32.Qxe5 Qxe5 33.Rxe5 Bc6 34.Rfe3 axb4 35.axb4 Rd1
36.Re1 Rxe1 37.Rxe1 Re8 38.Rd1 Ba4 39.Ra1 Bb3  0-1

[Event "Marbella zt-A"]
[Site "Marbella"]
[Date "1982.??.??"]
[Round "1"]
[White "Langeweg, Kick"]
[Black "Doyle, Anthony"]
[Result "1-0"]
[WhiteElo "2410"]
[BlackElo "2235"]

1.d4 Nf6 2.Nf3 e6 3.c4 Bb4+ 4.Nbd2 d5 5.Qa4+ Nc6 6.e3 O-O 7.a3 Bxd2+ 8.Bxd2 Ne4
9.Rd1 Nxd2 10.Rxd2 Qe7 11.Be2 Rd8 12.O-O dxc4 13.Qxc4 Bd7 14.Rc1 Be8 15.Rdc2 a6
16.Rc3 Rac8 17.Qb3 Rd6 18.Ne5 Nd8 19.Nc4 Rc6 20.Bf3 b5 21.Bxc6 Bxc6 22.Ne5 Bd5
23.Qc2 f6 24.Rxc7 Rxc7 25.Qxc7 Qe8 26.Qd7 Kf8 27.Rc7  1-0

[Event "Moscow-ch"]
[Site "Moscow"]
[Date "1982.??.??"]
[Round "12"]
[White "Antoshin, Vladimir S"]
[Black "Averbakh, Yuri L"]
[Result "1/2-1/2"]
[WhiteElo "2360"]
[BlackElo "2490"]

1.d4 Nf6 2.c4 e6 3.Nf3 Bb4+ 4.Nbd2 d5 5.e3 O-O 6.a3 Be7 7.Bd3 b6 8.O-O Nbd7
9.e4 g6 10.cxd5 exd5 11.e5 Nh5 12.g3 Ng7 13.Re1 c5 14.b3  1/2-1/2

[Event "Albena"]
[Site "Albena"]
[Date "1983.??.??"]
[Round "?"]
[White "Van der Sterren, Paul"]
[Black "Lalev, Dimitar"]
[Result "0-1"]
[WhiteElo "2445"]
[BlackElo "2450"]

1.d4 Nf6 2.c4 e6 3.Nf3 Bb4+ 4.Nbd2 c5 5.a3 Bxd2+ 6.Bxd2 cxd4 7.Nxd4 Nc6 8.Nxc6 dxc6
9.g3 e5 10.Bc3 Qe7 11.Qc2 O-O 12.Bg2 Bg4 13.O-O Qe6 14.f3 Bf5 15.e4 Bg6 16.b3 Rad8
17.Qb2 Rfe8 18.Rad1 Nd7 19.Rd2 Nc5 20.Rfd1 Rxd2 21.Rxd2 f6 22.Qc2 Qe7 23.b4 Ne6
24.Qd1 Rd8 25.f4 Rxd2 26.Qxd2 exf4 27.gxf4 f5 28.exf5 Bxf5 29.Be5 h6 30.c5 a6
31.Bf3 Qe8 32.Qd1 Qg6+ 33.Kf2 Be4 34.Bxe4 Qxe4 35.Qd7 Qc2+ 36.Kf3 Qf5 37.Kg3 h5
38.h3 h4+ 39.Kh2 Qg6 40.Qxb7 Qg3+ 41.Kh1 Qxh3+ 42.Kg1 Qg3+ 43.Kf1 Qf3+ 44.Ke1 h3
45.Qe7 Qh1+ 46.Kf2 Qg2+ 47.Ke3 Qg3+ 48.Kd2 Qg6 49.Qd7 Qg2+ 50.Ke3 Nf8  0-1

[Event "Albena"]
[Site "Albena"]
[Date "1983.??.??"]
[Round "?"]
[White "Spassov, Liuben"]
[Black "Spiridonov, Nikola"]
[Result "1/2-1/2"]
[WhiteElo "2475"]
[BlackElo "2425"]

1.d4 Nf6 2.c4 e6 3.Nf3 Bb4+ 4.Nbd2 d5 5.e3 O-O 6.a3 Be7 7.b4 b6 8.c5 Ne4
9.Bd3 f5 10.O-O Bf6 11.Nb3 bxc5 12.Nxc5 Nxc5 13.bxc5 Ba6 14.Bxa6 Nxa6 15.Qa4 Nxc5
16.Qc2 Ne4 17.Rb1 c5 18.dxc5 Rc8 19.Rb7 Nxc5 20.Rb1 Qa5 21.Bd2 Qa6 22.Bb4 Nd3
23.Qd2 Nxb4 24.axb4 Bc3 25.b5 Qb6 26.Qd3 Rc4 27.Rb3 Rfc8 28.Rfb1 h6 29.g3 Bf6
30.Ra3 Rc3 31.Rxc3 Rxc3 32.Qd1 Kh7 33.h4 Kg6 34.Rb3 Rxb3 35.Qxb3 a6 36.Qc2 Qxb5
37.Qc8 Kf7 38.Qc7+ Ke8 39.Qd6 Qb1+ 40.Kh2 Qe4 41.Nd2 Qe5 42.Qxa6 Be7 43.Nf3 Qd6
44.Qc8+ Bd8 45.h5 Qd7 46.Qa8 Qc7 47.Kg2 Kf7 48.Qa6 Bf6 49.Qb5 Ke7 50.Qb4+ Qd6
51.Qb7+ Qd7 52.Qb4+ Kf7 53.Qb8 Qe8 54.Qd6 Kg8 55.Ne1 Qe7 56.Qc6 d4 57.exd4 Bxd4
58.Qc8+ Kf7 59.Nd3 Qe8 60.Qb7+ Qe7 61.Qc6  1/2-1/2

[Event "Bayamo"]
[Site "Bayamo"]
[Date "1983.??.??"]
[Round "?"]
[White "Vilela, Jose Luis"]
[Black "Rivas Pastor, Manuel"]
[Result "1-0"]
[WhiteElo "2440"]
[BlackElo "2465"]

1.d4 Nf6 2.c4 e6 3.Nf3 Bb4+ 4.Nbd2 O-O 5.a3 Bxd2+ 6.Bxd2 Ne4 7.g3 d6 8.Bg2 Nxd2
9.Qxd2 Qe7 10.O-O e5 11.Rac1 Re8 12.Rc3 Nd7 13.Re3 Qf8 14.dxe5 dxe5 15.Qc3 f6
16.Rd1 a5 17.Nh4 c6 18.b4 axb4 19.axb4 f5 20.c5 e4 21.Qb3+ Kh8 22.g4 fxg4
23.Bxe4 Ne5 24.Bb1 Qf6 25.Qc2 g6 26.Qc3 Bf5 27.Bxf5 gxf5 28.Rd6 Ra1+ 29.Kg2 Qxh4
30.Qxa1 Qe7 31.Qd4 Kg8 32.Qf4 Qg7 33.Qxf5 h5 34.Qxh5 Kf8 35.Qf5+ Kg8 36.Re6 Rxe6
37.Qxe6+ Nf7 38.Re4  1-0

[Event "Capablanca mem-B"]
[Site "Cienfuegos"]
[Date "1983.??.??"]
[Round "?"]
[White "Vilela, Jose Luis"]
[Black "Lebredo, Gerardo"]
[Result "1/2-1/2"]
[WhiteElo "2440"]
[BlackElo "2350"]

1.d4 Nf6 2.c4 e6 3.Nf3 Bb4+ 4.Nbd2 c5 5.a3 Bxd2+ 6.Qxd2 b6 7.dxc5 bxc5 8.Qg5 O-O
9.Qxc5 Ne4 10.Qd4 f5 11.e3 Bb7 12.Be2 a5 13.O-O Rf6 14.b4 Nc6 15.Qb2 axb4
16.axb4 Rxa1 17.Qxa1 Nxb4 18.Qb2 Qa5 19.Bd2 Nxd2 20.Qxd2 Bxf3 21.Bxf3 Rf7
22.Qd6 Nc6 23.Bxc6 Qb6 24.Rd1 Qxc6 25.Qxc6 dxc6 26.Rd8+ Rf8 27.Rd6 Ra8 28.g3 Kf7
29.Rxc6 Ra2 30.Kg2 Rc2 31.c5 g5 32.Rc7+ Kf6 33.h4 g4 34.c6 h5 35.Rc8 Ke5
36.Kf1 Kd6 37.Rd8+ Ke5 38.Rc8 Kd6 39.Rh8 Rxc6 40.Rxh5 Ke5 41.Rh6 Rc1+ 42.Kg2 Rc2
43.Rg6 Ra2 44.Rg8 Kf6 45.e4 Ra7 46.exf5 exf5 47.Rd8 Ra1 48.Rb8 Rc1 49.Rb6+ Ke5
50.Rb5+ Ke4 51.Rb2 Ke5 52.Re2+ Kf6 53.Ra2 Rc6 54.Kf1 Re6 55.Ra3 Kg6 56.Re3 Ra6
57.Rc3 Re6 58.Rc4 Kf6 59.Rc2 Kg6 60.Re2 Ra6 61.Ke1 Ra1+ 62.Kd2 Ra2+  1/2-1/2

[Event "Gausdal Jubilee"]
[Site "Gausdal"]
[Date "1983.??.??"]
[Round "4"]
[White "Kraidman, Yair"]
[Black "Stigar, Petter"]
[Result "0-1"]
[WhiteElo "2405"]
[BlackElo "2240"]

1.d4 Nf6 2.c4 e6 3.Nf3 Bb4+ 4.Nbd2 b6 5.e3 Bb7 6.a3 Be7 7.Bd3 d5 8.O-O O-O
9.b3 c5 10.Bb2 Nc6 11.Qc2 cxd4 12.exd4 Rc8 13.Rac1 Re8 14.Rfe1 Bf8 15.Qb1 dxc4
16.bxc4 g6 17.Qa1 Nh5 18.Bf1 Bg7 19.d5 Bxb2 20.Qxb2 Na5 21.dxe6 Rxe6 22.Rxe6 fxe6
23.Re1 Bxf3 24.Nxf3 Nxc4 25.Qb3 Qd5 26.Rd1 Na5 27.Qe3 Qxd1 28.Qxe6+ Kg7 29.Qxc8 Qd5
30.Qc3+ Nf6 31.Nd4 Qe5 32.f4 Qd6 33.g3 Kf7 34.Nb5 Qd7 35.Qb4 Nc6 36.Qa4 a5
37.Bg2 Kg7 38.Qc2 Nd4 39.Nxd4 Qxd4+ 40.Kf1 Ng4 41.Qe2 Qa1+ 42.Qe1 Ne3+  0-1

[Event "BL2-N"]
[Site "Germany"]
[Date "1983.??.??"]
[Round "?"]
[White "Stippekohl, Peter"]
[Black "Sprotte, Norbert"]
[Result "0-1"]
[WhiteElo "2245"]
[BlackElo "2210"]

1.c4 Nf6 2.Nf3 e6 3.d4 Bb4+ 4.Nbd2 O-O 5.e3 d6 6.Be2 c5 7.O-O Nc6 8.Nb3 Na5
9.Nxa5 Bxa5 10.Qc2 Qe7 11.b3 e5 12.dxe5 dxe5 13.Bb2 Bc7 14.Nd2 Be6 15.Rfd1 Rad8
16.e4 Ng4 17.Bxg4 Bxg4 18.f3 Bc8 19.Nf1 Qg5 20.Bc1 Qh4 21.Be3 Qe7 22.Bf2 Rxd1
23.Rxd1 Rd8 24.Ne3 Rxd1+ 25.Qxd1 Qd6 26.Nd5 Be6 27.Qc1 Ba5 28.Qa3 b6 29.Qb2 Bxd5
30.exd5 Qg6 31.g4 h5 32.h3 Qd3 33.Qxe5 Qxf3 34.Qg3 hxg4 35.Qxf3 gxf3 36.Bg3 Kf8
37.Kf2 Ke7 38.Kxf3 Kd7 39.Be5 g6 40.Bf6 Bd2 41.Kg4 Kd6 42.h4 Be3 43.h5 gxh5+
44.Kxh5 Bd2 45.Kg4 Be3 46.Kf5 Bf2 47.Be5+ Kd7 48.a4 Bh4 49.Bb8 a5 50.Bf4 Be7
51.Bg3 Bd8 52.Bf4 Be7 53.Be5 Bh4 54.Bf4 Be7 55.Kg4 Bf6 56.Kh5 Bg7 57.Kg5 Bd4
58.Kh6 Bc3 59.Kh7 Bd4 60.Kg8 f6 61.Kf7 Be5 62.Bd2 f5 63.Kg6 f4 64.Kf5 f3  0-1

[Event "BL2-N"]
[Site "Germany"]
[Date "1983.??.??"]
[Round "?"]
[White "Kordsachia, Tariel"]
[Black "Rostalski, Walter"]
[Result "1/2-1/2"]
[WhiteElo "2315"]
[BlackElo "2320"]

1.d4 Nf6 2.Nf3 e6 3.c4 Bb4+ 4.Nbd2 d5 5.e3 O-O 6.a3 Be7 7.Be2 b6 8.O-O Bb7
9.b4 a5 10.b5 Nbd7 11.Bb2 Ne4 12.cxd5 exd5 13.Rc1 Bd6 14.Nxe4 dxe4 15.Nd2 f5
16.Nc4 Nf6 17.Ne5 Bd5 18.Qc2 Qe8 19.h3 Qe6 20.Bc4 Bxc4 21.Qxc4 Qxc4 22.Rxc4 Nd5
23.a4 f4 24.exf4 Rxf4 25.Bc1 Rf5 26.g4 Rf6 27.Re1 Nf4 28.Rxe4 Nxh3+ 29.Kg2 Nxf2
30.Re2  1/2-1/2

[Event "EU-ch U20"]
[Site "Groningen"]
[Date "1983.??.??"]
[Round "5"]
[White "Schandorff, Lars"]
[Black "Agdestein, Simen"]
[Result "0-1"]
[WhiteElo "2355"]
[BlackElo "2380"]

1.d4 Nf6 2.Nf3 e6 3.c4 Bb4+ 4.Nbd2 O-O 5.e3 d5 6.a3 Bd6 7.Bd3 c5 8.dxc5 Bxc5
9.b4 Bd6 10.Bb2 a5 11.Qb3 axb4 12.axb4 dxc4 13.Qxc4 Rxa1+ 14.Bxa1 Na6 15.b5 Nc5
16.Bb1 Bd7 17.O-O Qe7 18.Ne5 Bxe5 19.Bxe5 Rc8 20.Qh4 h6 21.Rc1 b6 22.h3 Nd5
23.Qd4 f6 24.Bg3 Bxb5 25.e4 Nc7 26.Bd6 Qd8 27.e5 Ne8 28.Ba2 Nxd6 29.exd6 Rc6
30.Qg4 Qxd6 31.Nf3 Be2 32.Re1 Qd3 33.Qf4 Bxf3 34.gxf3 Qd6 35.Qg4 Kh7 36.Kh1 f5
37.Bb1 Nd3 38.Bxd3 Qxd3 39.Qg3 Qd6 40.f4 Qd4  0-1

[Event "Hannover"]
[Site "Hannover"]
[Date "1983.??.??"]
[Round "15"]
[White "Qi Jingxuan"]
[Black "Balashov, Yuri S"]
[Result "0-1"]
[WhiteElo "2430"]
[BlackElo "2545"]

1.d4 Nf6 2.c4 e6 3.Nf3 Bb4+ 4.Nbd2 O-O 5.e3 b6 6.Bd3 d5 7.O-O Bb7 8.b3 c5
9.Bb2 cxd4 10.exd4 Nc6 11.Rc1 Rc8 12.Qe2 Qe7 13.Rfd1 Ba3 14.Nb1 Bxb2 15.Qxb2 dxc4
16.bxc4 Rfd8 17.Nbd2 Qb4 18.Nb3 Na5 19.Ne5 Be4 20.Qe2 Nxb3 21.axb3 Rxd4 22.Bxe4 Rxe4
23.Qb2 Qe7 24.h3 h6 25.Rd2 Qc7 26.Nf3 b5 27.Rdc2 bxc4 28.Nd2 c3 29.Qa1 cxd2
30.Rxc7 Rxc7 31.Rd1 Rd7 32.f3 Red4 33.Qc3 e5 34.Qc8+ Kh7 35.Qc2+ g6 36.Kf2 e4
37.Qc3 exf3 38.gxf3 Nh5 39.Qe3 Nf4 40.Kg3 h5 41.b4 h4+ 42.Kh2 Nh5 43.Kg2 Ng3
44.Kf2 Nf5 45.Qc3 Rd3 46.Qf6 R3d4  0-1

[Event "Helsinki"]
[Site "Helsinki"]
[Date "1983.??.??"]
[Round "11"]
[White "Binham, Timothy F"]
[Black "Karlsson, Lars"]
[Result "0-1"]
[WhiteElo "2360"]
[BlackElo "2505"]

1.d4 Nf6 2.c4 e6 3.Nf3 Bb4+ 4.Nbd2 b6 5.e3 Bb7 6.Bd3 O-O 7.O-O Be7 8.e4 d6
9.b3 Nbd7 10.Bb2 c5 11.d5 Ne8 12.Qc2 h6 13.dxe6 fxe6 14.e5 d5 15.cxd5 Bxd5
16.Rae1 Rf4 17.h3 Nf8 18.Nh2 Qd7 19.Ne4 Rd8 20.Rd1 Qc6 21.f3 b5 22.Nc3 c4
23.Nxd5 exd5 24.bxc4 bxc4 25.Be2 Ne6 26.g3 Bc5+ 27.Kg2 Rf7 28.f4 d4+ 29.Bf3 Qb5
30.Ng4 d3 31.Qd2 Bb4 32.Bc3 Bxc3 33.Qxc3 Nd4 34.Ne3 Rc7 35.Rb1 Qc5 36.Rb4 Nxf3
37.Kxf3 Qa5 38.a4 d2 39.Ke2 Qa6 40.Rd1 Rd3 41.Qc2 Qg6 42.Rxd2  0-1

[Event "Jurmala"]
[Site "Jurmala"]
[Date "1983.??.??"]
[Round "1"]
[White "Petrosian, Arshak B"]
[Black "Vitolinsh, Alvis"]
[Result "1/2-1/2"]
[WhiteElo "2480"]
[BlackElo "2365"]

1.d4 Nf6 2.c4 e6 3.Nf3 Bb4+ 4.Nbd2 c5 5.a3 Bxd2+ 6.Qxd2 Ne4 7.Qc2 f5 8.b4 b6
9.e3 Bb7 10.bxc5 bxc5 11.Rb1 Bc6 12.Be2 Qa5+ 13.Bd2 Qxa3 14.O-O Ba4 15.Qb2 Qxb2
16.Rxb2 Bc6 17.Ba5 d6 18.Rd1 Na6 19.d5 Ba4 20.Ra1 Bd7 21.dxe6 Bxe6 22.Nd2 Rb8
23.Rab1 O-O 24.Rxb8 Rxb8 25.Rxb8+ Nxb8 26.Nxe4 fxe4 27.Bc7 Nd7 28.Bxd6 a5
29.Bd1 Bxc4 30.Bg4 Nf6 31.Bc8 Kf7 32.Bxc5 Ke8 33.f3 exf3 34.gxf3 Kd8 35.Bf5 Kc7
36.Kf2 Kc6 37.Bf8 g6 38.Bc2 Kb5 39.e4 Nd7 40.Be7 Ne5 41.Ke3 Nc6 42.Ba3 a4
43.f4 Nb4 44.Bb1 Bb3 45.Kd2 Bf7 46.Kc3 Nc6 47.Bd3+ Kb6 48.Bd6 Kb7 49.Bb5 Bb3
50.f5 gxf5 51.exf5 Kb6 52.Bd3 Nd8 53.Kd4 Kc6 54.Ba3 Nf7 55.h4 Nd6 56.Bb4 a3
57.Bxa3 Nb5+ 58.Bxb5+ Kxb5 59.Ke5 Kc6 60.Kf6 Kd7 61.Kg7  1/2-1/2